| 000 | 00618nam a2200241Ia 4500 | ||
|---|---|---|---|
| 003 | OSt | ||
| 005 | 20220918221956.0 | ||
| 006 | a|||||r|||| 00| 0 | ||
| 007 | ta | ||
| 008 | 220917b |||||||| |||| 00| 0 eng d | ||
| 024 | _a214,092 | ||
| 037 | _cTextual | ||
| 040 |
_aARTS _cARTS _beng |
||
| 041 |
_2eng _aeng |
||
| 082 | _aR6947x4:3, M1 | ||
| 100 | _aRandle H.N. | ||
| 245 | 0 | _aFragments from djnnaga | |
| 260 |
_aDelhi _bMotilal Banarsidass _c1981 |
||
| 300 |
_axii, 93 p _ccm. |
||
| 500 | _arep. of 1926 | ||
| 942 |
_hR6947x4:3, M1 _cTEXL _2CC |
||
| 999 |
_c274153 _d274153 |
||